Greek Gods - Sudden death - Statistics

General Stats
  • This quiz has been taken 14,169 times
  • The average score is 10 of 16
Answers on the Grid
Answers color-coded by a green-red scale on the quiz's grid according to % correct below.
Zeus
Hades
Poseidon
Apollo
Artemis
Dionysus
Hephaestus
Hera
Athena
Aphrodite
Ares
Hermes
Demeter
Hestia
Persephone
Jupiter
Ra
Isis
Minerva
Helen
Mars
Venus
Ulysses
Shiva
Achilles
Pan
Paris
 
Answer Stats
Answer % Correct
Zeus
73%
Aphrodite
70%
Athena
70%
Poseidon
70%
Hades
68%
Apollo
66%
Hermes
66%
Ares
65%
Artemis
64%
Hera
64%
Dionysus
63%
Hephaestus
59%
Persephone
59%
Demeter
58%
Hestia
52%
Pan
42%
No matching quizzes found
Score Distribution
Percent of People with Each Score
Percentile by Number Answered
Your Score History
You have not taken this quiz